000 00401pab a2200169 454500
008 180718b2007 xxu||||| |||| 00| 0 eng d
100 _aCook, Linda J.
245 _aNegotiating welfare in postcommunist states
260 _c2007
300 _ap.41-62.
362 _aOct
650 _aWelfare state
650 _aSocial policy
773 _aComparative Politics
908 _aN
909 _a76683
999 _c76683
_d76683